00606nam a22001937a 4500003000400000008004100004082001900045100001900064245006700083250000800150260005300158300001300211650002000224650002000244700001700264942001200281999001700293952010200310OSt240229b1992 |||||||| |||| 00| 0 eng d a658.403bMCN-D aMcnamee, Peter aDecision analysis with supertree /cPeter Mcnamee john celona. a2nd aCalifornia :bStrategic Decisions Group ,c1992. a324 p. ; aDecision Making aProblem-solving aCelona, John 2ddccBK c20394d20394 00102ddc4070aSOBDbSOBDd2024-02-29l0o658.403 MCN-D1pSD2093r2024-02-29t1w2024-02-29yBK